Loading...
Fine Arts - Other Fine Arts | 0 | 10 | 3 | 1 | 85 | 73 | 112.60 | 0 | 1 |
Painting & Sculpture | 0 | 9 | 2 | 3 | 80 | 97 | 128.89 | 0 | 2 |
Science - Physics | 0 | 8 | 1 | 3 | 75 | 99 | 119.25 | 0 | 0 |
Literature - World Literature | 0 | 8 | 2 | 1 | 70 | 42 | 123.13 | 0 | 1 |
History - European History | 0 | 8 | 2 | 2 | 70 | 59 | 109.25 | 0 | 1 |
Literature - British Literature | 0 | 8 | 3 | 0 | 65 | 42 | 119.50 | 1 | 3 |
Fine Arts - Classical Music | 0 | 8 | 3 | 0 | 65 | 83 | 119.38 | 0 | 1 |
Literature - European Literature | 0 | 7 | 1 | 0 | 65 | 85 | 126.57 | 0 | 1 |
History - American History | 0 | 8 | 3 | 2 | 65 | 65 | 105.38 | 0 | 0 |
Literature - American Literature | 0 | 6 | 0 | 2 | 60 | 92 | 126.17 | 1 | 2 |
Science - Biology | 0 | 6 | 1 | 0 | 55 | 76 | 103.50 | 0 | 1 |
Current Events | 0 | 6 | 1 | 1 | 55 | 56 | 95.67 | 0 | 1 |
Social Science | 0 | 7 | 4 | 0 | 50 | 43 | 78.29 | 1 | 4 |
Religion | 0 | 5 | 0 | 0 | 50 | 48 | 87.20 | 1 | 2 |
Any History | 0 | 5 | 0 | 1 | 50 | 30 | 102.00 | 1 | 1 |
History - World History | 0 | 5 | 1 | 2 | 45 | 102 | 123.40 | 0 | 1 |
Other Academic | 0 | 5 | 1 | 0 | 45 | 86 | 100.00 | 0 | 1 |
Mythology | 0 | 3 | 0 | 0 | 30 | 69 | 92.67 | 0 | 0 |
Science - Other Science | 0 | 4 | 2 | 2 | 30 | 112 | 127.25 | 0 | 0 |
Geography | 0 | 2 | 0 | 1 | 20 | 85 | 116.00 | 0 | 1 |
Philosophy | 0 | 5 | 6 | 0 | 20 | 62 | 107.80 | 0 | 0 |
Science - Chemistry | 0 | 2 | 3 | 0 | 5 | 118 | 122.00 | 0 | 0 |